000 00431nam a2200157 4500
001 123672
003 ES-MaACL
005 20230906192222.0
007 t|
008 070214s1926 sp r ||||1| spa d
100 1 _aRaida, Pedro.
_995023
245 1 0 _aVoz en las entraƱas
_b: comedia en dos actos /
_cPedro Raida.
260 _aSevilla :
_bM. Carmona,
_c1926.
300 _a42 p. ;
_c28 x 12 cm.
852 _aES-MaACL
_j1709-F-9
999 _c123672
_d123672